000 00952nam a22002777a 4500
001 7699
003 FISKH
005 20250731132546.0
008 250731b cb ||||| |||| 00| 0 eng d
020 _a9781848797208
040 _aFISKH
_beng
_cFISKH
_dFISKH
050 _aPZ8.P1493 L
082 _a398.2
100 _aPage, Nick
245 _aLittle Mermaid /
_cIllustrations by Katie Saunders
250 _aThis edition first published in 2010
260 _aNew York :
_bCastle Stree Press,
_c2007
300 _a31 pages :
_bcolor illustrations ;
_c23 cm
505 _aG
520 _aRetells the classic fairy tale in which a sea princess longs to be human so she can be with the prince she loves, and includes a picture dictionary and other resources for readers.
521 8 _a380
_bLexile estimate
521 8 _aG
_bRaz-Plus
650 _aFairy Tales
_vpicture Book
_xFamily Literacy
942 _2ddc
_cBK
_n0
999 _c7699
_d7699